| 000 | 01479pam a2200337 a 4500 | ||
|---|---|---|---|
| 999 |
_c6202 _d6202 |
||
| 001 | 70698903 | ||
| 003 | OCoLC | ||
| 005 | 20190116105435.0 | ||
| 008 | 060720t20062006miua b 001 0 eng | ||
| 010 | _a2006023923 | ||
| 020 | _a0801031877 (pbk.) | ||
| 020 | _a9780801031878 | ||
| 040 |
_aDLC _cDLC _dBAKER _dC#P _dYDXCP _dBTCTA _dUtOrBLW |
||
| 050 | 0 | 0 |
_aPN1995.5 _b.J59 2006 |
| 082 | 0 | 0 |
_a261 _222 _bJ72R |
| 100 | 1 |
_aJohnston, Robert K., _d1945- |
|
| 245 | 1 | 0 |
_aReel spirituality : _btheology and film in dialogue / _cRobert K. Johnston |
| 250 | _aSecond edition, revised and expanded | ||
| 264 | 1 |
_aGrand Rapids, Mich. : _bBaker Academic, _c[2006] |
|
| 264 | 4 | _c©2006 | |
| 300 |
_a351 pages : _billustrations ; _c23 cm |
||
| 336 |
_atext _btxt _2rdacontent |
||
| 337 |
_aunmediated _bn _2rdamedia |
||
| 338 |
_avolume _bnc _2rdacarrier |
||
| 490 | 1 | _aEngaging culture | |
| 504 | _aIncludes bibliographical references (pages 317-329) and indexes | ||
| 505 | 0 | _aThe power of film -- A brief history of the church and Hollywood -- Theological approaches to film criticism -- Why look at film?: a theological perspective -- Are movies art? -- In film, story reigns supreme -- Image and music -- Becoming a film critic -- Responding to film ethically: moving beyond the rating system -- Responding to movies theologically -- An exercise in dialogue: the movies of Peter Weir | |
| 650 | 0 |
_aMotion pictures _xReligious aspects |
|
| 830 | 0 | _aEngaging culture | |
| 942 |
_2ddc _cBK |
||